| 000 | 00498nam a22001817a 4500 | ||
|---|---|---|---|
| 999 |
_c206882 _d206882 |
||
| 003 | OSt | ||
| 005 | 20210423105011.0 | ||
| 008 | 210423b ||||| |||| 00| 0 eng d | ||
| 020 | _a9964970765 | ||
| 040 | _cLC | ||
| 050 |
_aPR 9379.9 _bABD 1987 |
||
| 100 | _aAbdallah, Mohammed Ben | ||
| 245 |
_aThe trial of Mallam Ilya and other plays / _cMohammed ben Abdallah |
||
| 260 |
_aAccra : _bWoeli Publishing Services, _c1987. |
||
| 300 | _a165 pages | ||
| 650 |
_aGhana _xDrama |
||
| 942 |
_2lcc _cBOOK |
||